[Event "Sharjah WGP 2014"]
[Site "Sharjah UAE"]
[Date "2014.08.31"]
[Round "6.5"]
[White "Ju, Wenjun"]
[Black "L'Ami, Alina"]
[Result "1-0"]
[WhiteTitle "WGM"]
[BlackTitle "WGM"]
[WhiteElo "2559"]
[BlackElo "2446"]
[WhiteFideId "8603006"]
[BlackFideId "1210246"]
[EventDate "2014.08.25"]

1. d4 Nf6 2. c4 g6 3. g3 Bg7 4. Bg2 O-O 5. Nc3 d6 6. Nf3 c6 7. O-O Bf5 8. Ne1
Be6 9. b3 d5 10. cxd5 Nxd5 11. Nxd5 cxd5 12. e3 Nc6 13. Nd3 Bf5 14. Nf4 e5 15.
dxe5 Bxe5 16. Ba3 Re8 17. Nxd5 Qa5 18. Bd6 Rad8 19. b4 Qa3 20. Bxe5 Rxe5 21. b5
Rexd5 22. Bxd5 Ne5 23. Qb3 Qxb3 24. Bxb3 Nf3+ 25. Kg2 Be4 26. Rfd1 Nd2+ 27. Kg1
Nf3+ 28. Kf1 Nxh2+ 29. Ke1 Bd3 30. f4 Rd7 31. Bc4 Bf5 32. Rxd7 Bxd7 33. Rd1 Bf5
34. Be2 Kf8 35. Rd8+ Ke7 36. Ra8 Kd7 37. Rxa7 Kc7 38. Ra8 Ng4 39. Bxg4 Bxg4 40.
Kd2 Bd7 41. Rf8 Be6 42. a4 b6 43. Kc3 h5 44. Kb4 Bd5 45. a5 bxa5+ 46. Kxa5 Kb7
47. b6 1-0

[Event "Sharjah WGP 2014"]
[Site "Sharjah UAE"]
[Date "2014.08.31"]
[Round "6.6"]
[White "Danielian, Elina"]
[Black "Batchimeg, Tuvshintugs"]
[Result "1/2-1/2"]
[WhiteTitle "GM"]
[BlackTitle "WGM"]
[WhiteElo "2490"]
[BlackElo "2346"]
[WhiteFideId "13300210"]
[BlackFideId "4900839"]
[EventDate "2014.08.25"]

1. d4 Nf6 2. Bg5 d5 3. Nd2 g6 4. c4 Bg7 5. e3 c5 6. dxc5 Qa5 7. Bxf6 Bxf6 8.
cxd5 Bxb2 9. Rb1 Bc3 10. Ne2 Bb4 11. Nf4 O-O 12. Nd3 Bc3 13. Qc2 Rd8 14. Rb3
Bxd2+ 15. Qxd2 Qxd2+ 16. Kxd2 Rxd5 17. Be2 Na6 18. Bf3 Rd8 19. Rc1 Rb8 20. Ke2
Bf5 21. Ne5 Rdc8 22. Rxb7 Rxb7 23. Bxb7 Rxc5 24. Rxc5 Nxc5 25. Bd5 e6 26. Bc4
Be4 27. f3 Bb7 28. Kd2 Kf8 29. Kc3 Ke7 30. h4 Nd7 31. Nd3 Kd6 32. Bb3 f5 33. Nb2
Ne5 34. Nc4+ Nxc4 35. Bxc4 h6 36. Kb4 g5 37. hxg5 hxg5 38. Be2 g4 39. fxg4 fxg4
40. g3 Bf3 41. Bd3 Ke5 42. a4 Be4 43. Bb5 Bd5 44. Bd3 Be4 45. Bb5 Bd5 46. Bd3
Be4 47. Bb5 Bd5 1/2-1/2

[Event "Sharjah WGP 2014"]
[Site "Sharjah UAE"]
[Date "2014.09.01"]
[Round "7.1"]
[White "Muminova, Nafisa"]
[Black "Ju, Wenjun"]
[Result "0-1"]
[WhiteTitle "WGM"]
[BlackTitle "WGM"]
[WhiteElo "2315"]
[BlackElo "2559"]
[WhiteFideId "14201526"]
[BlackFideId "8603006"]
[EventDate "2014.08.25"]

1. e4 c5 2. Nf3 Nc6 3. Bb5 e6 4. O-O Nge7 5. c3 a6 6. Ba4 b5 7. Bc2 Bb7 8. Re1
d5 9. e5 d4 10. Be4 d3 11. Re3 Nd5 12. Re1 Nf4 13. b3 Be7 14. Bb2 O-O 15. Kf1 f5
16. exf6 Bxf6 17. Re3 Qc7 18. a4 b4 19. g3 Ng6 20. Bxd3 Nce5 21. Be2 Ng4 22.
Rxe6 Qd7 23. Bc4 Kh8 24. Kg1 N4e5 25. Nxe5 Nxe5 26. Rxe5 Bxe5 27. d4 bxc3 28.
Bxc3 cxd4 0-1

[Event "Sharjah WGP 2014"]
[Site "Sharjah UAE"]
[Date "2014.09.01"]
[Round "7.2"]
[White "L'Ami, Alina"]
[Black "Danielian, Elina"]
[Result "1/2-1/2"]
[WhiteTitle "WGM"]
[BlackTitle "GM"]
[WhiteElo "2446"]
[BlackElo "2490"]
[WhiteFideId "1210246"]
[BlackFideId "13300210"]
[EventDate "2014.08.25"]

1. d4 Nf6 2. c4 e6 3. Nc3 Bb4 4. e3 O-O 5. Bd3 d5 6. Nf3 b6 7. O-O Bb7 8. cxd5
exd5 9. Ne5 Nbd7 10. f4 c5 11. Bd2 cxd4 12. exd4 a6 13. Be1 Re8 14. Bh4 Be7 15.
Qf3 Nf8 16. Rae1 b5 17. a3 Rc8 18. Bf5 Rb8 19. Qh3 Ne4 20. Bxe7 Rxe7 21. Nxe4
dxe4 22. Bxe4 Qxd4+ 23. Qe3 Qxe3+ 24. Rxe3 f6 25. Bxb7 Rbxb7 26. Ng4 h5 27. Rfe1
Rxe3 28. Nxe3 Ne6 29. g3 Nc5 30. b4 Ne4 31. Nf5 Nd2 32. Re8+ Kh7 33. Rd8 Nc4 34.
Nd6 Rc7 35. Nxc4 bxc4 36. Rd2 Kg6 37. Kf2 Kf5 38. Kf3 g5 39. Rc2 gxf4 40. gxf4
c3 41. Ke3 h4 42. a4 Rc4 43. b5 Re4+ 44. Kf3 Rxf4+ 45. Kg2 Rxa4 46. bxa6 Kg4 47.
Rxc3 Ra2+ 48. Kg1 Rxa6 49. Rc4+ Kg5 50. Kg2 Ra2+ 51. Kh3 Ra3+ 52. Kg2 h3+ 53.
Kf2 f5 54. Rb4 Rd3 55. Ra4 Rb3 56. Rc4 Rb1 57. Rc3 Kg4 58. Rg3+ Kh4 59. Rg8 Rh1
60. Kf3 Rxh2 61. Rh8+ Kg5 62. Kg3 Rh1 63. Rg8+ Kf6 64. Rf8+ Kg6 65. Rg8+ Kf7 66.
Rh8 Rg1+ 67. Kf2 Rg2+ 68. Kf3 Rh2 69. Kg3 Ra2 70. Rxh3 Ra3+ 71. Kg2 Rxh3 72.
Kxh3 Kf6 73. Kg3 Ke5 74. Kf3 f4 75. Kf2 Ke4 76. Ke2 f3+ 77. Kf2 Kf4 78. Kf1 Ke3
79. Ke1 f2+ 80. Kf1 Kf3 1/2-1/2

[Event "Sharjah WGP 2014"]
[Site "Sharjah UAE"]
[Date "2014.09.01"]
[Round "7.3"]
[White "Batchimeg, Tuvshintugs"]
[Black "Zhao, Xue"]
[Result "1/2-1/2"]
[WhiteTitle "WGM"]
[BlackTitle "GM"]
[WhiteElo "2346"]
[BlackElo "2508"]
[WhiteFideId "4900839"]
[BlackFideId "8601283"]
[EventDate "2014.08.25"]

1. d4 Nf6 2. Nf3 e6 3. e3 b6 4. Bd3 Bb7 5. O-O c5 6. c4 Nc6 7. Nc3 cxd4 8. exd4
Bb4 9. Bg5 h6 10. Bxf6 Qxf6 11. Ne4 Qf4 12. c5 bxc5 13. dxc5 Nd8 14. g3 Qc7 15.
Rc1 O-O 16. a3 f5 17. Nd6 Bxf3 18. Qxf3 Bxc5 19. Nxf5 exf5 20. b4 Bxf2+ 21. Qxf2
Qb6 22. Qxb6 axb6 23. Bxf5 Ne6 24. Bxe6+ dxe6 25. Rc6 Rxf1+ 26. Kxf1 Kf7 27.
Rxb6 Rxa3 28. Kg2 Ra2+ 29. Kh3 h5 30. Rb5 g6 31. Kh4 Rxh2+ 32. Kg5 Rg2 33. Rb7+
Ke8 34. Kxg6 Rxg3+ 35. Kxh5 Kd8 36. Kh4 Rg1 37. b5 Rb1 38. Kg4 Kc8 39. Re7 Rxb5
40. Rxe6 1/2-1/2

[Event "Sharjah WGP 2014"]
[Site "Sharjah UAE"]
[Date "2014.09.01"]
[Round "7.4"]
[White "Hou, Yifan"]
[Black "Zhu, Chen"]
[Result "1-0"]
[WhiteTitle "GM"]
[BlackTitle "GM"]
[WhiteElo "2661"]
[BlackElo "2461"]
[WhiteFideId "8602980"]
[BlackFideId "8600546"]
[EventDate "2014.08.25"]

1. e4 e5 2. Nf3 Nc6 3. Bb5 Nf6 4. d3 Bc5 5. Bxc6 dxc6 6. Nbd2 Be6 7. Nb3 Bd6 8.
Na5 Rb8 9. Bd2 c5 10. Qe2 Qe7 11. a3 h6 12. O-O Nd7 13. Rfb1 Qf6 14. b4 Bg4 15.
Be3 O-O 16. h3 Bxf3 17. Qxf3 Qxf3 18. gxf3 cxb4 19. axb4 a6 20. c4 b6 21. Nc6
Ra8 22. Rc1 Rfe8 23. c5 Bf8 24. Kf1 g6 25. f4 bxc5 26. bxc5 exf4 27. Bd4 Bg7 28.
Bxg7 Kxg7 29. Nb4 a5 30. Nd5 Ra7 31. Nxf4 Ne5 32. Ke2 Rd8 33. Rc3 g5 34. Nd5 f5
35. f3 Rb8 36. Ra2 Nc6 37. Rc4 Rb1 38. exf5 Rh1 39. Ke3 Re1+ 40. Kf2 Rh1 41. Ke3
Re1+ 42. Kd2 Rf1 43. Ke2 Rh1 44. Ra3 Rb7 45. Ke3 Re1+ 46. Kd2 Rbb1 47. Nc3 Rbc1
48. Re4 Rh1 49. Rb3 Nb4 50. Rbxb4 axb4 51. Rxb4 Rcf1 52. Rb7 Rxf3 53. Rxc7+ Kf8
54. Ne4 Rh2+ 55. Kc3 Rhxh3 56. Rd7 Rh1 57. Kd4 Rd1 58. Ke5 Rfxd3 59. Nd6 Rc3 60.
Kf6 Rxd6+ 61. Rxd6 Ke8 62. c6 g4 63. Kg7 Rc5 64. f6 Rg5+ 65. Kxh6 Rc5 66. Kg6 g3
67. f7+ Ke7 68. Rd7+ 1-0

[Event "Sharjah WGP 2014"]
[Site "Sharjah UAE"]
[Date "2014.09.02"]
[Round "8.3"]
[White "Zhu, Chen"]
[Black "Harika, Dronavalli"]
[Result "1/2-1/2"]
[WhiteTitle "GM"]
[BlackTitle "GM"]
[WhiteElo "2461"]
[BlackElo "2521"]
[WhiteFideId "8600546"]
[BlackFideId "5015197"]
[EventDate "2014.08.25"]

1. d4 Nf6 2. c4 e6 3. Nf3 d5 4. Nc3 Be7 5. Bf4 O-O 6. e3 Nbd7 7. c5 Ne4 8. Rc1
f5 9. Ne5 Bf6 10. Nxd7 Bxd7 11. Be2 c6 12. Nxe4 fxe4 13. O-O Bg5 14. Be5 Bf6 15.
Bg3 Bh4 16. Be5 Bf6 17. Bg3 Bh4 18. Be5 Bf6 1/2-1/2

[Event "Sharjah WGP 2014"]
[Site "Sharjah UAE"]
[Date "2014.09.02"]
[Round "8.4"]
[White "Ju, Wenjun"]
[Black "Hou, Yifan"]
[Result "1/2-1/2"]
[WhiteTitle "WGM"]
[BlackTitle "GM"]
[WhiteElo "2559"]
[BlackElo "2661"]
[WhiteFideId "8603006"]
[BlackFideId "8602980"]
[EventDate "2014.08.25"]

1. d4 Nf6 2. c4 e6 3. g3 d5 4. Nf3 Be7 5. Bg2 O-O 6. O-O dxc4 7. Qc2 a6 8. a4
Bd7 9. Qxc4 Bc6 10. Bg5 Bd5 11. Qc2 Be4 12. Qd1 h6 13. Bxf6 Bxf6 14. Nc3 Bxf3
15. Bxf3 c6 16. Qb3 Qc7 17. Rfd1 a5 18. Rac1 Bg5 19. e3 Qe7 20. Ne4 Na6 21. Nxg5
hxg5 22. e4 Nb4 23. d5 exd5 24. exd5 cxd5 25. Bxd5 Rac8 26. Bg2 Rxc1 27. Rxc1
Rd8 28. Rd1 b6 29. h3 Rxd1+ 30. Qxd1 Qf6 31. Qd2 g6 32. b3 Kg7 33. Bb7 Qe5 34.
Kg2 Qf6 35. Kg1 Qe5 36. Kg2 Qf6 37. Kg1 Qe5 1/2-1/2

[Event "Sharjah WGP 2014"]
[Site "Sharjah UAE"]
[Date "2014.09.02"]
[Round "8.5"]
[White "Danielian, Elina"]
[Black "Muminova, Nafisa"]
[Result "1-0"]
[WhiteTitle "GM"]
[BlackTitle "WGM"]
[WhiteElo "2490"]
[BlackElo "2315"]
[WhiteFideId "13300210"]
[BlackFideId "14201526"]
[EventDate "2014.08.25"]

1. Nf3 d5 2. c4 c6 3. e3 Nf6 4. Nc3 e6 5. b3 Nbd7 6. Bb2 Bd6 7. Qc2 O-O 8. Be2
Re8 9. h3 e5 10. cxd5 cxd5 11. Nb5 Nf8 12. Rc1 a6 13. Nxd6 Qxd6 14. O-O N6d7 15.
Qc7 Qe7 16. Rc2 Ne6 17. Qa5 e4 18. Nd4 Qg5 19. Nxe6 Rxe6 20. Rfc1 Re8 21. f4
exf3 22. Bxf3 b5 23. Qc7 Nf8 24. h4 Qf5 25. Qg3 g6 26. Rc5 Bb7 27. Rc7 Bc8 28.
R7c5 Bb7 29. e4 Rxe4 30. Bxe4 Qxe4 31. Re1 Qf5 32. Rc7 Bc8 33. Qc3 f6 34. Qxf6
Qxf6 35. Bxf6 Nd7 36. Bd4 Kf8 37. Rec1 1-0

[Event "Sharjah WGP 2014"]
[Site "Sharjah UAE"]
[Date "2014.09.02"]
[Round "8.6"]
[White "Batchimeg, Tuvshintugs"]
[Black "L'Ami, Alina"]
[Result "1-0"]
[WhiteTitle "WGM"]
[BlackTitle "WGM"]
[WhiteElo "2346"]
[BlackElo "2446"]
[WhiteFideId "4900839"]
[BlackFideId "1210246"]
[EventDate "2014.08.25"]

1. d4 Nf6 2. g3 g6 3. Bg2 Bg7 4. e4 d6 5. Ne2 h5 6. h3 c5 7. O-O cxd4 8. Nxd4
Bd7 9. Be3 Qc8 10. Kh2 Nc6 11. Nxc6 bxc6 12. Bd4 O-O 13. c4 Be6 14. b3 a5 15.
Nc3 Rd8 16. Na4 Ra6 17. Qd2 c5 18. Bc3 Qc7 19. Rad1 Bd7 20. f4 Bxa4 21. bxa4 Nd7
22. Bxg7 Kxg7 23. Qc3+ Kg8 24. Rb1 Nb6 25. Qc2 Qd7 26. Rb5 Qe6 27. Rc1 h4 28.
gxh4 Qf6 29. Qd2 Qxh4 30. Bf3 Qf6 31. e5 Qe6 32. Bb7 Nxc4 33. Rxc4 Qxc4 34. Bxa6
Qxa4 35. Rxa5 Qe4 36. Bf1 c4 37. Bg2 Qf5 38. exd6 c3 39. Rxf5 cxd2 40. Rd5 exd6
41. Rxd2 1-0

[Event "Sharjah WGP 2014"]
[Site "Sharjah UAE"]
[Date "2014.09.04"]
[Round "9.1"]
[White "Harika, Dronavalli"]
[Black "Ju, Wenjun"]
[Result "0-1"]
[WhiteTitle "GM"]
[BlackTitle "WGM"]
[WhiteElo "2521"]
[BlackElo "2559"]
[WhiteFideId "5015197"]
[BlackFideId "8603006"]
[EventDate "2014.08.25"]

1. d4 d6 2. c4 g6 3. Nc3 Bg7 4. e4 Nc6 5. Be3 e5 6. d5 Nd4 7. Nge2 Nxe2 8. Bxe2
h5 9. Qd2 Nh6 10. h3 f5 11. g3 Nf7 12. O-O-O Qe7 13. h4 Bd7 14. f3 Bh6 15. Kb1
b6 16. Ka1 Bxe3 17. Qxe3 Qf6 18. exf5 gxf5 19. Nb5 Kd8 20. f4 a6 21. Na3 Kc8 22.
Rc1 Kb7 23. Bf3 Rae8 24. Qb3 Ka7 25. Nc2 exf4 26. gxf4 Nh6 27. Bxh5 Re4 28. Nb4
Ng4 29. Bxg4 fxg4 30. h5 Rxf4 31. Qa3 a5 32. Nc6+ Bxc6 33. dxc6 Rf3 34. Qa4 g3
35. Qd1 g2 36. Rg1 Rf2 37. Rb1 Qf5 38. Qd4 Rxh5 39. Qg7 Rh7 40. Qg8 Rf1 41. Qxh7
Rxb1+ 0-1

[Event "Sharjah WGP 2014"]
[Site "Sharjah UAE"]
[Date "2014.09.04"]
[Round "9.2"]
[White "Muminova, Nafisa"]
[Black "Batchimeg, Tuvshintugs"]
[Result "1/2-1/2"]
[WhiteTitle "WGM"]
[BlackTitle "WGM"]
[WhiteElo "2315"]
[BlackElo "2346"]
[WhiteFideId "14201526"]
[BlackFideId "4900839"]
[EventDate "2014.08.25"]

1. e4 c5 2. Nf3 Nc6 3. Bb5 g6 4. Bxc6 dxc6 5. d3 Bg7 6. O-O Nf6 7. a4 Nd7 8. Na3
Nf8 9. h3 e5 10. Be3 Ne6 11. Nc4 Qc7 12. a5 O-O 13. Qd2 Bd7 14. c3 Rfd8 15. Rfc1
f6 16. b4 Bf8 17. d4 cxd4 18. cxd4 exd4 19. Nxd4 Bg7 20. Nf3 Be8 21. Qc2 Bf7 22.
Rd1 c5 23. Rxd8+ Rxd8 24. bxc5 Nxc5 25. Nce5 fxe5 26. Qxc5 Qxc5 27. Bxc5 a6 28.
Rb1 Rd7 29. Bb6 Bf6 30. Rc1 Bb3 31. Bc7 Bd1 32. Bxe5 Bxf3 33. Bxf6 Bxe4 34. Re1
Bc6 35. Re7 Rxe7 36. Bxe7 Kf7 37. Bd8 Ke8 38. Bf6 Kf7 39. Bd8 Ke8 40. Bf6 1/2-1/2

[Event "Sharjah WGP 2014"]
[Site "Sharjah UAE"]
[Date "2014.09.04"]
[Round "9.3"]
[White "Hou, Yifan"]
[Black "Danielian, Elina"]
[Result "1/2-1/2"]
[WhiteTitle "GM"]
[BlackTitle "GM"]
[WhiteElo "2661"]
[BlackElo "2490"]
[WhiteFideId "8602980"]
[BlackFideId "13300210"]
[EventDate "2014.08.25"]

1. Nf3 d5 2. g3 Nf6 3. Bg2 c6 4. O-O Bg4 5. d4 e6 6. Nbd2 Nbd7 7. Re1 Be7 8. e4
dxe4 9. Nxe4 Nxe4 10. Rxe4 Bf5 11. Re1 O-O 12. c3 a5 13. Qb3 Qb6 14. Ne5 Qxb3
15. axb3 Nxe5 16. Rxe5 Bd8 17. Bf4 g5 18. Bd2 h6 19. h4 Kg7 20. hxg5 hxg5 21.
Ree1 Bf6 22. Ra2 Bc2 23. Rea1 Bxb3 24. Rxa5 Rxa5 25. Rxa5 Bd5 26. Bxd5 exd5 27.
Ra7 Rb8 28. Kf1 Bd8 29. Ke2 f6 30. Kd3 Bb6 31. Ra3 Kf7 32. c4 dxc4+ 33. Kxc4 Rd8
34. Be3 Rd7 35. Rd3 Ba7 36. d5 b5+ 37. Kb4 Bxe3 38. fxe3 cxd5 39. b3 Ke6 40.
Kxb5 f5 41. b4 Ke5 42. Kc6 Rd8 43. Kc7 Rh8 44. b5 Ke4 45. Rb3 f4 46. exf4 gxf4
47. Rb4+ d4 48. gxf4 Rf8 49. b6 Rxf4 50. Kd6 Rf8 51. b7 Ke3 52. Kd5 d3 53. Re4+
Kf3 54. Rd4 Ke2 55. Re4+ Kf3 56. Rd4 Ke2 57. Re4+ 1/2-1/2

[Event "Sharjah WGP 2014"]
[Site "Sharjah UAE"]
[Date "2014.09.04"]
[Round "9.4"]
[White "L'Ami, Alina"]
[Black "Zhao, Xue"]
[Result "0-1"]
[WhiteTitle "WGM"]
[BlackTitle "GM"]
[WhiteElo "2446"]
[BlackElo "2508"]
[WhiteFideId "1210246"]
[BlackFideId "8601283"]
[EventDate "2014.08.25"]

1. d4 Nf6 2. c4 e6 3. Nc3 Bb4 4. e3 d5 5. a3 Be7 6. Nf3 O-O 7. Bd3 Nbd7 8. O-O
c5 9. Qe2 a6 10. Rd1 dxc4 11. Bxc4 b5 12. Ba2 cxd4 13. Nxd4 Bb7 14. e4 Qc7 15.
Bg5 h6 16. Bh4 Bd6 17. Kh1 Bf4 18. Qf3 Be5 19. Rac1 Qb6 20. Qe3 Ng4 21. Qd2 Bf6
22. Bg3 Rad8 23. f4 e5 24. Nf5 exf4 25. Qxf4 Nde5 26. h4 h5 27. Nd5 Bxd5 28.
exd5 g6 29. Nd4 Bg7 30. Qd2 Bh6 31. Bf4 Nd3 32. Bxh6 Qxd4 33. Bg5 Qe5 34. g3
Ndf2+ 35. Kg2 Qe4+ 36. Kg1 Qh1# 0-1

[Event "Sharjah WGP 2014"]
[Site "Sharjah UAE"]
[Date "2014.09.04"]
[Round "9.5"]
[White "Koneru, Humpy"]
[Black "Zhu, Chen"]
[Result "1/2-1/2"]
[WhiteTitle "GM"]
[BlackTitle "GM"]
[WhiteElo "2598"]
[BlackElo "2461"]
[WhiteFideId "5008123"]
[BlackFideId "8600546"]
[EventDate "2014.08.25"]

1. Nf3 d5 2. d4 Nf6 3. c4 c6 4. e3 Bg4 5. cxd5 cxd5 6. Nc3 e6 7. Qa4+ Nbd7 8.
Ne5 a6 9. Nxg4 Nxg4 10. h3 Nf6 11. Bd3 Bd6 12. e4 dxe4 13. Nxe4 Nxe4 14. Bxe4
Rb8 15. O-O O-O 16. Bd2 Nf6 17. Bf3 Nd5 18. Bxd5 exd5 19. Bb4 Bxb4 20. Qxb4 Re8
21. Rfe1 Qd7 22. Rac1 g6 23. a4 Rxe1+ 24. Rxe1 Re8 25. Rxe8+ Qxe8 26. Qxb7 Qxa4
27. Qb8+ Kg7 28. Qe5+ Kg8 29. Qb8+ Kg7 30. Qe5+ Kg8 31. Qb8+ 1/2-1/2

[Event "Sharjah WGP 2014"]
[Site "Sharjah UAE"]
[Date "2014.09.05"]
[Round "10.1"]
[White "Batchimeg, Tuvshintugs"]
[Black "Hou, Yifan"]
[Result "1/2-1/2"]
[WhiteTitle "WGM"]
[BlackTitle "GM"]
[WhiteElo "2346"]
[BlackElo "2661"]
[WhiteFideId "4900839"]
[BlackFideId "8602980"]
[EventDate "2014.08.25"]

1. d4 Nf6 2. Nf3 e6 3. e3 c5 4. Bd3 Be7 5. O-O O-O 6. c4 d5 7. Nc3 Nc6 8. dxc5
Bxc5 9. a3 a5 10. b3 Qe7 11. Bb2 Rd8 12. Qc2 h6 13. cxd5 exd5 14. Nb5 Ne4 15.
Nfd4 Nxd4 16. Bxd4 Bxd4 17. Nxd4 Bg4 18. Bxe4 dxe4 19. Rfc1 Rac8 20. Qb2 Qg5 21.
Rxc8 Rxc8 22. Rc1 Re8 23. Kh1 Qf6 24. Rc5 Re5 25. b4 Rxc5 26. bxc5 Qa6 27. h3
Bd7 28. Kg1 Kf8 29. Qc2 Qg6 30. Kf1 Ke8 31. Qb1 Qa6+ 32. Ke1 Bc6 33. Nf5 a4 34.
Qb4 Qd3 35. Nd4 Qa6 36. Nf5 Qd3 37. Nd4 Qa6 38. Nf5 Qd3 39. Nd4 1/2-1/2

[Event "Sharjah WGP 2014"]
[Site "Sharjah UAE"]
[Date "2014.09.05"]
[Round "10.3"]
[White "Ju, Wenjun"]
[Black "Koneru, Humpy"]
[Result "1/2-1/2"]
[WhiteTitle "WGM"]
[BlackTitle "GM"]
[WhiteElo "2559"]
[BlackElo "2598"]
[WhiteFideId "8603006"]
[BlackFideId "5008123"]
[EventDate "2014.08.25"]

1. Nf3 Nf6 2. c4 b6 3. g3 Bb7 4. d4 e6 5. Bg2 Bb4+ 6. Bd2 c5 7. Bxb4 cxb4 8. O-O
O-O 9. Qd3 d6 10. Nbd2 Qc7 11. e4 e5 12. Ne1 Nc6 13. Nc2 a5 14. b3 Rfe8 15. Rfe1
Rad8 16. Nf1 Nd7 17. Nfe3 exd4 18. Nd5 Qb8 19. Nxd4 Nc5 20. Qd2 Nxd4 21. Qxd4
Bxd5 22. Qxd5 Re5 23. Qd4 b5 24. cxb5 Qxb5 25. Rad1 Ne6 26. Qd2 Qb6 27. Re3 Rc5
28. Bf1 Nc7 29. Bc4 Ne8 30. Rd3 Rd7 31. Qe3 Re7 32. f3 Qc7 33. Kg2 h6 34. R1d2
Kh7 35. Qf4 Kg8 36. Rd5 Rxd5 37. Rxd5 Re5 38. Rd3 Rc5 39. Qd2 Qe7 40. Rd4 Qc7
41. Rd3 Qc6 42. Rd4 Qc7 43. Rd3 Qc6 44. Rd4 Qc7 45. Rd3 Qc6 1/2-1/2

[Event "Sharjah WGP 2014"]
[Site "Sharjah UAE"]
[Date "2014.09.05"]
[Round "10.4"]
[White "Danielian, Elina"]
[Black "Harika, Dronavalli"]
[Result "0-1"]
[WhiteTitle "GM"]
[BlackTitle "GM"]
[WhiteElo "2490"]
[BlackElo "2521"]
[WhiteFideId "13300210"]
[BlackFideId "5015197"]
[EventDate "2014.08.25"]

1. d4 Nf6 2. c4 g6 3. Nc3 Bg7 4. Nf3 O-O 5. Bg5 d6 6. e3 c5 7. d5 e6 8. Be2 exd5
9. cxd5 a6 10. a4 h6 11. Bh4 g5 12. Bg3 Nh5 13. Nd2 Nxg3 14. hxg3 Nd7 15. Qc2 f5
16. Nc4 Nb6 17. Nxb6 Qxb6 18. a5 Qd8 19. O-O Rb8 20. Bd3 Bd7 21. Ra3 Kh8 22. Ne2
Qf6 23. Rb1 Qe5 24. Bc4 b5 25. axb6 Rxb6 26. Rxa6 Rxa6 27. Bxa6 Qxd5 28. Rd1 Qe5
29. Qd2 Ba4 30. f4 Qe7 31. Re1 Bc6 32. Nc3 Qe6 33. Bb5 Bb7 34. Ba4 d5 35. Bb3 c4
36. Ba4 Qb6 37. Ne2 Ra8 38. Bd7 Ra2 39. Rb1 Rxb2 40. Rxb2 Qxb2 41. Qxb2 Bxb2 42.
Bxf5 Bc6 43. Bc2 Kg7 44. Kf2 Kf6 45. Ke1 Bd7 46. Kd2 Bf5 47. Nc3 Bxc3+ 48. Kxc3
Bxc2 49. Kxc2 Kf5 50. Kc3 Ke4 51. Kd2 h5 52. Kc3 gxf4 53. gxf4 h4 54. Kb4 Kd3
55. f5 c3 56. f6 c2 57. f7 c1=Q 58. f8=Q Qxe3 59. Qg8 Qe4+ 60. Kc5 Ke2 61. Qf7
d4 62. Qa2+ Kf1 63. Qa1+ Kf2 64. Qa2+ Kg1 65. Qa1+ Kh2 66. Qb2 d3 67. Qf2 Qe5+
68. Kc4 Qg3 69. Qd2 Kg1 70. Kb4 Kf1 71. Ka4 Qg4+ 72. Ka5 Qf5+ 73. Kb4 Qe4+ 74.
Kb3 Kg1 75. Kc3 Kf1 76. Kb3 Qe2 77. Qf4+ Qf2 78. Qc1+ Kxg2 79. Qg5+ Kh3 80. Qd5
d2 81. Qd7+ Kh2 82. Kc2 h3 83. Qe6 Qg2 84. Qe5+ Qg3 85. Qe2+ Kg1 86. Qd1+ Kg2
87. Qe2+ Qf2 88. Qe4+ Qf3 89. Qg6+ Kh1 0-1

[Event "Sharjah WGP 2014"]
[Site "Sharjah UAE"]
[Date "2014.09.05"]
[Round "10.6"]
[White "L'Ami, Alina"]
[Black "Muminova, Nafisa"]
[Result "1/2-1/2"]
[WhiteTitle "WGM"]
[BlackTitle "WGM"]
[WhiteElo "2446"]
[BlackElo "2315"]
[WhiteFideId "1210246"]
[BlackFideId "14201526"]
[EventDate "2014.08.25"]

1. d4 Nf6 2. c4 e6 3. Nc3 Bb4 4. e3 O-O 5. Bd3 d5 6. Nf3 c5 7. O-O dxc4 8. Bxc4
Nbd7 9. Qe2 a6 10. Rd1 b5 11. Bb3 Qe7 12. a3 Ba5 13. Bd2 Bc7 14. Ba2 Bb7 15.
Rac1 Rac8 16. h3 Rfd8 17. Re1 h6 18. Rcd1 Qd6 19. Bc1 cxd4 20. exd4 Nb6 21. Ne5
Nbd5 22. Rd3 Nxc3 23. bxc3 Nd7 24. Rg3 Nxe5 25. Qh5 Ng6 26. Rxe6 fxe6 27. Qxg6
Qe7 28. Bxe6+ Kf8 29. Bxh6 Bxg3 30. Qf5+ Ke8 31. Qg6+ Kf8 32. Qf5+ Ke8 33. Qg6+
Kf8 34. Qf5+ 1/2-1/2

[Event "Sharjah WGP 2014"]
[Site "Sharjah UAE"]
[Date "2014.09.06"]
[Round "11.2"]
[White "Hou, Yifan"]
[Black "L'Ami, Alina"]
[Result "1-0"]
[WhiteTitle "GM"]
[BlackTitle "WGM"]
[WhiteElo "2661"]
[BlackElo "2446"]
[WhiteFideId "8602980"]
[BlackFideId "1210246"]
[EventDate "2014.08.25"]

1. e4 e5 2. Nc3 Nf6 3. g3 Nc6 4. Bg2 Bc5 5. Nge2 O-O 6. O-O a6 7. h3 d6 8. Kh2
Ne8 9. d3 f5 10. f4 fxe4 11. Nxe4 Bb6 12. N2c3 d5 13. Ng5 Nf6 14. fxe5 Nxe5 15.
d4 Ng6 16. Rxf6 Rxf6 17. Qh5 c6 18. Qxh7+ Kf8 19. Nf3 Bc7 20. Ne2 Qe8 21. Bg5
Rf5 22. Re1 Qf7 23. Bd2 Rxf3 24. Bb4+ Ne7 25. Qh8+ 1-0

[Event "Sharjah WGP 2014"]
[Site "Sharjah UAE"]
[Date "2014.09.06"]
[Round "11.3"]
[White "Harika, Dronavalli"]
[Black "Batchimeg, Tuvshintugs"]
[Result "1-0"]
[WhiteTitle "GM"]
[BlackTitle "WGM"]
[WhiteElo "2521"]
[BlackElo "2346"]
[WhiteFideId "5015197"]
[BlackFideId "4900839"]
[EventDate "2014.08.25"]

1. d4 Nf6 2. c4 g6 3. Nf3 Bg7 4. e3 O-O 5. Be2 c6 6. O-O d5 7. Nc3 a6 8. a4 Nbd7
9. a5 dxc4 10. Bd2 c5 11. Na4 Ne4 12. Be1 cxd4 13. exd4 Nd6 14. Bb4 Rb8 15. Re1
Nf6 16. Nb6 Be6 17. d5 Bg4 18. Ne5 Bxe2 19. Qxe2 Re8 20. Rac1 Nc8 21. Nxf7 Kxf7
22. Qe6+ Kf8 23. Nxc8 Qxc8 24. Bxe7+ Rxe7 25. Qxe7+ Kg8 26. d6 b5 27. axb6 Rxb6
28. Rxc4 Qxc4 29. Qd8+ Bf8 30. Qxb6 Qd3 31. Ra1 Bxd6 32. Qxa6 Qd4 33. Qa2+ Kh8
34. Qa8+ Ng8 35. b3 Bc5 36. Rf1 Kg7 37. Qa1 Nf6 38. Qxd4 Bxd4 39. Rd1 Bc5 40.
Kf1 Kf7 41. Rc1 Bd4 42. Rc4 Bb6 43. Rc6 Bd4 44. Ke2 Ke7 45. f3 Kd7 46. Rc1 Kd6
47. Kd3 Bb2 48. Rc2 Be5 49. g3 Nd5 50. Rd2 Bc3 51. Rc2 Bf6 52. Rc8 Nb6 53. Rc1
Bb2 54. Rc2 Ba3 55. Ra2 Bc5 56. Ke4 Nd7 57. Rd2+ Ke6 58. Ra2 Bb6 59. b4 Kd6 60.
Ra8 Bg1 61. Ra2 Bb6 62. f4 Nf6+ 63. Kd3 Kd5 64. Ra6 Nd7 65. Ra1 Nb8 66. Re1 Nc6
67. b5 Nb4+ 68. Kd2 Ba5 69. Re8 Nc6+ 70. Kd3 Nb4+ 71. Ke2 Nc2 72. Re5+ Kd6 73.
Kd3 Ne1+ 74. Ke4 Nc2 75. g4 Nb4 76. f5 gxf5+ 77. gxf5 Na2 78. f6 Nc3+ 79. Kf5
Nd5 80. f7 Ne7+ 81. Ke4 Ng6 82. Re8 Kc5 83. Rg8 1-0